000 00552nam a22001937a 4500
003 OSt
005 20140310182202.0
008 130903t xxu||||| |||| 00| 0 eng d
020 _a9717240396
050 _aBV 4811
_b.W43 1950
082 _aHS 242
_bW63 2000
100 _aWiersbe, Warren W.
_911958
245 _aPause for power /
_cWarren W. Wiersbe.
260 _aMandaluyong City :
_bChristian Growth Ministries,
_cc1950.
300 _a389 p. :
_c22 cm.
651 _aDevotional exercises.
_916308
942 _2lcc
_cHS
999 _c10250
_d10250